Premier League Players - France - Statistics

General Stats
  • This quiz has been taken 28 times
  • The average score is 51 of 243
Answer Stats
Answer Teams Years Active % Correct
Thierry Henry Arsenal 1999–2007, 2011–12
96%
Ibrahim Ba Bolton Wanderers 2003–04
88%
Nicolas Anelka Arsenal, Liverpool, Manchester City 1996–99, 2001–05, 2006–12, 2013–14
80%
Hugo Lloris Tottenham Hotspur 2012–23
76%
Bacary Sagna Arsenal, Manchester City 2007–17
72%
Gaël Clichy Arsenal, Manchester City 2003–17
72%
N'Golo Kanté Leicester City, Chelsea 2015–23
72%
Robert Pires Arsenal, Aston Villa 2000–06, 2010–11
72%
Alphonse Areola Fulham, West Ham United 2020–
68%
Eric Cantona Leeds United, Manchester United 1992–97
68%
Jean-Philippe Mateta Crystal Palace 2020–
68%
Olivier Giroud Arsenal, Chelsea 2012–21
68%
Patrick Vieira Arsenal, Manchester City 1996–2005, 2009–11
68%
Raphaël Varane Manchester United 2021–24
68%
William Gallas Chelsea, Arsenal, Tottenham Hotspur 2001–13
68%
Ibrahima Konaté Liverpool 2021–
64%
Patrice Evra Manchester United, West Ham United 2005–14, 2017–18
64%
Samir Nasri Arsenal, Manchester City, West Ham United 2008–17, 2018–19
64%
Fabien Barthez Manchester United 2000–03
60%
Paul Pogba Manchester United 2011–12, 2016–22
60%
William Saliba Arsenal 2022–
60%
Yohan Cabaye Newcastle United, Crystal Palace 2011–14, 2015–18
60%
Anthony Martial Manchester United 2015–24
56%
Claude Makélélé Chelsea 2003–08
56%
Emmanuel Petit Arsenal, Chelsea 1997–2000, 2001–04
56%
Lucas Digne Everton, Aston Villa 2018–
56%
Alexandre Lacazette Arsenal 2017–22
52%
Axel Disasi Chelsea, Aston Villa 2023–
52%
Benoît Badiashile Chelsea 2022–
52%
Djibril Cissé Liverpool, Sunderland, Queens Park Rangers 2004–06, 2008–09, 2011–13
52%
Édouard Cissé West Ham United 2002–03
52%
Louis Saha Newcastle United, Fulham, Manchester United, Everton, Tottenham Hotspur, Sunderland 1998–99, 2001–13
52%
Michael Olise Crystal Palace 2021–24
52%
Moussa Sissoko Newcastle United, Tottenham Hotspur, Watford 2012–22
52%
Wesley Fofana Leicester City, Chelsea 2020–23, 2024–
52%
Abou Diaby Arsenal 2005–14
48%
Boubacar Kamara Aston Villa 2022–
48%
Dimitri Payet West Ham United 2015–17
48%
Mamadou Sakho Liverpool, Crystal Palace 2013–21
48%
Moussa Diaby Aston Villa 2023–24
48%
Benjamin Mendy Manchester City 2017–22
44%
Bernard Mendy Bolton Wanderers, Hull City 2002–03, 2008–10
44%
Christopher Nkunku Chelsea 2023–
44%
Issa Diop West Ham United, Fulham 2018–
44%
Laurent Blanc Manchester United 2001–03
44%
Laurent Koscielny Arsenal 2010–19
44%
Leny Yoro Manchester United 2024–
44%
Malo Gusto Chelsea 2023–
44%
Mikaël Silvestre Manchester United, Arsenal 1999–2010
44%
Tanguy Ndombele Tottenham Hotspur 2019–22
44%
Eliaquim Mangala Manchester City, Everton 2014–16, 2017–18
40%
Florent Malouda Chelsea 2007–13
40%
Kurt Zouma Chelsea, Stoke City, Everton, West Ham United 2014–24
40%
Morgan Schneiderlin Southampton, Manchester United, Everton 2012–20
40%
Moussa Dembélé Fulham 2013–14
40%
Sylvain Wiltord Arsenal 2000–04
40%
Hatem Ben Arfa Newcastle United, Hull City 2010–15
36%
Jean-Clair Todibo West Ham United 2024–
36%
Maxence Lacroix Crystal Palace 2024–
36%
Odsonne Édouard Crystal Palace, Leicester City 2021–
36%
Youri Djorkaeff Bolton Wanderers, Blackburn Rovers 2001–05
36%
Georginio Rutter Leeds United, Brighton & Hove Albion 2022–23, 2024–
32%
Jean‐Ricner Bellegarde Wolverhampton Wanderers 2023–
32%
Malang Sarr Chelsea 2021–22
32%
Marcel Desailly Chelsea 1998–2004
32%
Matteo Guendouzi Arsenal 2018–20
32%
Neal Maupay Brighton & Hove Albion, Everton, Brentford 2019–24
32%
Allan Saint-Maximin Newcastle United 2019–23
28%
Alou Diarra West Ham United 2012–13
28%
Clément Lenglet Tottenham Hotspur, Aston Villa 2022–24
28%
David Ginola Newcastle United, Tottenham Hotspur, Aston Villa, Everton 1995–2002
28%
Illan Meslier Leeds United 2020–23
28%
Lassana Diarra Chelsea, Arsenal, Portsmouth 2005–09
28%
Loïc Rémy Queens Park Rangers, Newcastle United, Chelsea, Crystal Palace 2012–17
28%
Mathieu Flamini Arsenal, Crystal Palace 2004–08, 2013–17
28%
Morgan Sanson Aston Villa 2020–23
28%
Wilson Odobert Burnley, Tottenham Hotspur 2023–
28%
Boubakary Soumaré Leicester City 2021–23, 2024–
24%
Christophe Dugarry Birmingham City 2002–04
24%
Didier Deschamps Chelsea 1999–2000
24%
Ibrahima Diallo Southampton 2020–23
24%
Jérémie Aliadière Arsenal, West Ham United, Middlesbrough 2001–09
24%
Lesley Ugochukwu Chelsea, Southampton 2023–
24%
Mathieu Debuchy Newcastle United, Arsenal 2012–17
24%
Mathys Tel Tottenham Hotspur 2024–
24%
Sébastien Squillaci Arsenal 2010–12
24%
Steve Mandanda Crystal Palace 2016–17
24%
Steven Nzonzi Blackburn Rovers, Stoke City 2009–15
24%
Tiémoué Bakayoko Chelsea 2017–18
24%
Younès Kaboul Tottenham Hotspur, Portsmouth, Sunderland, Watford 2007–18
24%
Zoumana Camara Leeds United 2003–04
24%
Aly Cissokho Liverpool, Aston Villa 2013–16
20%
Anthony Knockaert Leicester City, Brighton & Hove Albion 2014–15, 2017–19
20%
Bafétimbi Gomis Swansea City 2014–16
20%
Djibril Sidibé Everton 2019–20
20%
Florent Sinama Pongolle Liverpool, Blackburn Rovers 2003–06
20%
Florian Thauvin Newcastle United 2015–16
20%
Francis Coquelin Arsenal 2011–13, 2014–18
20%
Gabriel Obertan Manchester United, Newcastle United 2009–16
20%
Jordan Veretout Aston Villa 2015–16
20%
Olivier Dacourt Everton, Leeds United, Fulham 1998–99, 2000–03, 2008–09
20%
Olivier Kapo Birmingham City, Wigan Athletic 2007–10
20%
Pascal Chimbonda Wigan Athletic, Tottenham Hotspur, Sunderland, Blackburn Rovers 2005–11
20%
Rémy Cabella Newcastle United 2014–15
20%
Romain Perraud Southampton 2021–23
20%
Steed Malbranque Fulham, Tottenham Hotspur, Sunderland 2001–11
20%
Anthony Le Tallec Liverpool, Sunderland 2003–06
16%
David Bellion Sunderland, Manchester United, West Ham United 2001–06
16%
David Ngog Liverpool, Bolton Wanderers, Swansea City 2008–12, 2013–14
16%
Étienne Capoue Tottenham Hotspur, Watford 2013–20
16%
Frank Leboeuf Chelsea 1996–2001
16%
Frédéric Piquionne Portsmouth, West Ham United 2009–11
16%
Gilles Grimandi Arsenal 1997–2002
16%
Jérémy Pied Southampton 2016–18
16%
Laurent Robert Newcastle United, Portsmouth, Derby County 2001–06, 2007–08
16%
Pascal Cygan Arsenal 2002–06
16%
Pegguy Arphexad Leicester City, Liverpool 1997–2000, 2001–02
16%
Pierre Lees-Melou Norwich City 2021–22
16%
Rémi Garde Arsenal 1996–99
16%
Willy Kambwala Manchester United 2023–24
16%
Bruno Cheyrou Liverpool 2002–04
12%
Charles N'Zogbia Newcastle United, Wigan Athletic, Aston Villa 2004–13, 2014–16
12%
Florian Lejeune Newcastle United 2017–20
12%
Giulian Biancone Nottingham Forest 2022–23
12%
Jean-Alain Boumsong Newcastle United 2004–06
12%
Jordan Amavi Aston Villa 2015–16
12%
Lorenz Assignon Burnley 2023–24
12%
Lys Mousset Bournemouth, Sheffield United 2016–21
12%
Maxime Estève Burnley 2023–24
12%
Romain Faivre Bournemouth 2023–24
12%
Sékou Mara Southampton 2022–23
12%
Stéphane Guivarc'h Newcastle United 1998–99
12%
Steve Marlet Fulham 2001–04
12%
Sylvain Distin Newcastle United, Manchester City, Portsmouth, Everton, Bournemouth 2001–16
12%
Adama Diakhaby Huddersfield Town 2018–19
8%
Anthony Réveillère Sunderland 2014–15
8%
Benjamin Stambouli Tottenham Hotspur 2014–15
8%
Christian Karembeu Middlesbrough 2000–01
8%
Frédéric Guilbert Aston Villa 2019–20
8%
Gaël Givet Blackburn Rovers 2008–12
8%
Julien Faubert West Ham United 2007–11
8%
Mapou Yanga-Mbiwa Newcastle United 2012–14
8%
Olivier Bernard Newcastle United, Southampton 2001–05
8%
Philippe Christanval Fulham 2005–08
8%
Woyo Coulibaly Leicester City 2024–
8%
Yaya Sanogo Arsenal, Crystal Palace 2013–15
8%
Yoan Gouffran Newcastle United 2012–16
8%
Antoine Sibierski Manchester City, Newcastle United, Wigan Athletic 2003–09
4%
Bruno Ngotty Bolton Wanderers 2001–06
4%
Damien Plessis Liverpool 2007–09
4%
Didier Agathe Aston Villa 2006–07
4%
Dimitri Foulquier Watford 2019–20
4%
Elliot Grandin Blackpool 2010–11
4%
Emmanuel Rivière Newcastle United 2014–16
4%
Fabrice Fernandes Southampton, Bolton Wanderers 2001–06
4%
Franck Queudrue Middlesbrough, Fulham, Birmingham City 2001–08, 2009–10
4%
Gérald Cid Bolton Wanderers 2007–08
4%
Han-Noah Massengo Burnley 2023–24
4%
Ibrahim Amadou Norwich City 2019–20
4%
Jean-Claude Darcheville Nottingham Forest 1998–99
4%
Kévin Théophile-Catherine Cardiff City 2013–14
4%
Laurent Charvet Chelsea, Newcastle United, Manchester City 1997–2001
4%
Layvin Kurzawa Fulham 2022–23
4%
Lionel Pérez Sunderland 1996–97
4%
Loïc Damour Cardiff City 2018–19
4%
Marc-Antoine Fortuné West Bromwich Albion 2008–09, 2010–12
4%
Martin Djetou Fulham, Bolton Wanderers 2002–04, 2005–06
4%
Maxime Le Marchand Fulham 2018–19, 2020–21
4%
Mickaël Madar Everton 1997–99
4%
Modibo Diakité Sunderland 2013–14
4%
Morgan Amalfitano West Bromwich Albion, West Ham United 2013–15
4%
Naouirou Ahamada Crystal Palace 2022–24
4%
Niels Nkounkou Everton 2020–21
4%
Ousmane Dabo Manchester City 2006–07
4%
Patrice Luzi Liverpool 2003–04
4%
Pierre-Yves André Bolton Wanderers 2002–03
4%
Samassi Abou West Ham United 1997–99
4%
Sébastien Pérez Blackburn Rovers 1998–99
4%
Stéphane Dalmat Tottenham Hotspur 2003–04
4%
Sylvain Marveaux Newcastle United 2011–14
4%
Ulrich Le Pen Ipswich Town 2001–02
4%
Vincent Candela Bolton Wanderers 2004–05
4%
William Prunier Manchester United 1995–96
4%
Yann Kermorgant Bournemouth 2015–16
4%
Yann M'Vila Sunderland 2015–16
4%
Alain Goma Newcastle United, Fulham 1999–2006
0%
Alexandre Bonnot Watford 1999–2000
0%
Allan Tchaptchet Southampton 2020–21
0%
Anthony Modeste Blackburn Rovers 2011–12
0%
Bernard Allou Nottingham Forest 1998–99
0%
Bernard Diomède Liverpool 2000–01
0%
Bernard Lama West Ham United 1997–98
0%
Bernard Lambourde Chelsea 1997–2001
0%
Bruno Rodriguez Bradford City 1999–2000
0%
Cédric Avinel Watford 2006–07
0%
Christian Nadé Sheffield United 2006–07
0%
Christian Negouai Manchester City 2004–05
0%
Cyril Chapuis Leeds United 2003–04
0%
David Grondin Arsenal 1998–99
0%
David Sommeil Manchester City, Sheffield United 2002–07
0%
David Terrier West Ham United 1997–98
0%
Didier Digard Middlesbrough 2008–09
0%
Didier Domi Newcastle United, Leeds United 1998–2001, 2003–04
0%
Eric Roy Sunderland 1999–2001
0%
Florent Laville Bolton Wanderers 2002–04
0%
Franck Dumas Newcastle United 1999–2000
0%
Franck Rolling Leicester City 1996–97
0%
François Grenet Derby County 2001–02
0%
Grégory Vignal Liverpool, Portsmouth, Birmingham City 2000–03, 2005–06, 2009–10
0%
Hérold Goulon Blackburn Rovers 2010–11
0%
Jean-Guy Wallemme Coventry City 1998–99
0%
Jean-Michel Ferri Liverpool 1998–99
0%
Jérôme Bonnissel Fulham 2003–04
0%
Johan Cavalli Watford 2006–07
0%
Laurent Courtois West Ham United 2001–02
0%
Léandre Griffit Southampton 2003–05
0%
Lilian Laslandes Sunderland 2001–02
0%
Lilian Martin Derby County 2000–01
0%
Lilian Nalis Leicester City 2003–04
0%
Ludovic Sylvestre Blackpool 2010–11
0%
Marc Keller West Ham United 1998–2000
0%
Mario Espartero Bolton Wanderers 2001–02
0%
Mathieu Berson Aston Villa 2004–05
0%
Matthieu Louis-Jean Nottingham Forest 1998–99
0%
Mickaël Debève Middlesbrough 2001–02
0%
Mikael Mandron Sunderland 2012–13, 2014–15
0%
Noé Pamarot Tottenham Hotspur, Portsmouth 2004–09
0%
Patrice Carteron Sunderland 2000–01
0%
Patrick Blondeau Sheffield Wednesday 1997–98
0%
Patrick Colleter Southampton 1998–2000
0%
Patrick Valéry Blackburn Rovers 1997–98
0%
Pierre Ducrocq Derby County 2001–02
0%
Pierre Laurent Leeds United 1996–97
0%
Ronald Zubar Wolverhampton Wanderers 2009–12
0%
Sébastien Puygrenier Bolton Wanderers 2008–09
0%
Sébastien Schemmel West Ham United, Portsmouth 2000–04
0%
Steven Mouyokolo Hull City, Wolverhampton Wanderers 2009–11
0%
Sylvain Legwinski Fulham 2001–06
0%
Thierry Bonalair Nottingham Forest 1998–99
0%
Valérien Ismaël Crystal Palace 1997–98
0%
Vincent Péricard Portsmouth, Stoke City 2003–04, 2005–06, 2008–09
0%
Xavier Gravelaine Watford 1999–2000
0%
Youl Mawéné Derby County 2000–02
0%
No matching quizzes found
Score Distribution
Percent of People with Each Score
Percentile by Number Answered
Your Score History
You have not taken this quiz